000 00758nam a2200217 a 4500
001 000022533
005 20250428130105.0
008 101013s1987 dr a 000 0 spa d
040 _aDO-SdBNP
_bspa
_cBNPHU
082 _a270.6
_bT266r
100 1 _aTejada, Andrés M.
_946387
245 1 3 _aLa reforma protestante :
_bcausas, consecuencias e influencias en el tiempo presente /
_cAndrés M. Tejada.
260 _aSanto Domingo :
_bComery,
_c1987.
300 _a216 p. :
_bil. ;
_c21 cm.
500 _aIncluye referencias bibliográficas y notas al pie de las páginas
504 _aBibliografía: p. 215-216
590 _aInventariado, 2018/ YL
650 4 _aReforma
_946388
650 0 _aProtestantismo
_94373
910 _aValidado. Control de calidad MFF
999 _c22030
_d22030